[Event "Pion Frigant U1700"]
[Site "Contrecoeur CAN"]
[Date "2023.10.06"]
[Round "1.27"]
[White "Blouin, Francois"]
[Black "Mourad, Michel"]
[Result "0-1"]
[WhiteElo "1417"]
[BlackElo "1591"]
[PlyCount "50"]
[EventDate "2023.10.06"]
[EventType "swiss"]
[EventRounds "5"]
[EventCountry "CAN"]

1. c4 e5 2. Nc3 Nf6 3. e3 Be7 4. d4 exd4 5. exd4 O-O 6. Bd3 c6 7. Nge2 d5 8.
O-O dxc4 9. Bxc4 Bd6 10. Bg5 Bxh2+ 11. Kh1 Bc7 12. f4 h6 13. Bh4 Qd6 14. Bg3
Qe7 15. Ng1 Bg4 16. Qd3 Nh5 17. Bh2 Qh4 18. Nce2 Nd7 19. Rae1 Bxe2 20. Nxe2
Rae8 21. g3 Qg4 22. Kg2 Ba5 23. Rc1 b5 24. Bxb5 cxb5 25. Rf3 Rxe2+ 0-1

[Event "Pion Frigant U1700"]
[Site "Contrecoeur CAN"]
[Date "2023.10.06"]
[Round "1.28"]
[White "Beland, Stephane"]
[Black "Matte, Jean-Michel"]
[Result "1/2-1/2"]
[WhiteElo "1585"]
[BlackElo "1410"]
[PlyCount "79"]
[EventDate "2023.10.06"]
[EventType "swiss"]
[EventRounds "5"]
[EventCountry "CAN"]

1. Nf3 Nf6 2. c4 c5 3. g3 g6 4. Bg2 Bg7 5. d3 Nc6 6. O-O Rb8 7. Nc3 a6 8. Bf4
d6 9. a4 O-O 10. Nd2 Bd7 11. Nb3 Nb4 12. a5 Bc6 13. Qd2 Re8 14. Na4 Nd7 15. Nc3
Bxg2 16. Kxg2 b6 17. axb6 Rxb6 18. Ra3 Qa8+ 19. f3 Reb8 20. Na5 Nc6 21. Nxc6
Qxc6 22. Nd5 Bf6 23. Nxb6 Rxb6 24. b3 Qb7 25. Rb1 Nf8 26. Qc2 Ne6 27. Bd2 Nd4
28. Qd1 Nc6 29. Qe1 Nd4 30. Qd1 Nc6 31. Kf2 Qc8 32. g4 Qe6 33. e4 h5 34. h3 Qe5
35. Kg2 Qd4 36. b4 Bh4 37. Be1 Bxe1 38. Qxe1 cxb4 39. Qf2 Qxf2+ 40. Kxf2 {
illsible} 1/2-1/2

[Event "Pion Frigant U1700"]
[Site "Contrecoeur CAN"]
[Date "2023.10.06"]
[Round "1.29"]
[White "Poulin, Richard"]
[Black "Sonko, Babacar"]
[Result "1-0"]
[WhiteElo "1405"]
[BlackElo "1581"]
[PlyCount "79"]
[EventDate "2023.10.06"]
[EventType "swiss"]
[EventRounds "5"]
[EventCountry "CAN"]

1. e4 e5 2. Nf3 Nc6 3. d4 exd4 4. Bc4 Nf6 5. O-O Nxe4 6. Re1 d5 7. Bxd5 Qxd5 8.
Nc3 Qh5 9. Nxe4 Be6 10. Bg5 h6 11. Bf6 Be7 12. Bxe7 Nxe7 13. Qxd4 O-O 14. Qb4
Nd5 15. Qa3 Rfe8 16. Ng3 Qg6 17. c4 Nf4 18. Re4 Nh5 19. Ne5 Qh7 20. Rae1 Nxg3
21. Qxg3 Rad8 22. Ng4 Qxe4 23. Nf6+ Kh8 24. Nxe4 Bxc4 25. b3 Rxe4 26. f3 Re2
27. Rxe2 Bxe2 28. Kf2 Rd2 29. Ke3 Rxa2 30. Qxc7 Ba6 31. Qxf7 Rxg2 32. h3 Rg5
33. Ke4 Rb5 34. f4 Kh7 35. f5 Rb4+ 36. Ke5 Rb5+ 37. Kd6 Rb6+ 38. Kc7 Rf6 39.
Qd5 Bb5 40. Qxb5 1-0

[Event "Pion Frigant U1700"]
[Site "Contrecoeur CAN"]
[Date "2023.10.06"]
[Round "1.30"]
[White "Touzani, Romayssae"]
[Black "Breton, Jules"]
[Result "0-1"]
[WhiteElo "1563"]
[BlackElo "1399"]
[PlyCount "84"]
[EventDate "2023.10.06"]
[EventType "swiss"]
[EventRounds "5"]
[EventCountry "CAN"]

1. d4 Nf6 2. Bf4 d5 3. Nc3 a6 4. Qd2 h6 5. O-O-O e6 6. Nf3 Bb4 7. a3 Bxc3 8.
Qxc3 c6 9. e3 Ne4 10. Qe1 O-O 11. Bd3 b5 12. Bxe4 dxe4 13. Ne5 a5 14. Qc3 Qb6
15. Qc5 Qa6 16. Rhf1 b4 17. f3 Qb5 18. fxe4 Ba6 19. Rf3 Qxc5 20. dxc5 Be2 21.
Rdf1 Bxf1 22. Rxf1 g5 23. Bg3 Kg7 24. Ng4 Nd7 25. Bd6 Rfe8 26. Ne5 Nxe5 27.
Bxe5+ Kg8 28. Rf6 Kh7 29. Rxf7+ Kg6 30. Rg7+ Kh5 31. Kd2 Rg8 32. Rc7 Ra6 33.
Ke2 Kg6 34. Kf3 h5 35. h3 Kh6 36. Kg3 bxa3 37. bxa3 a4 38. Rf7 Rga8 39. Kh2 Ra5
40. Bd4 e5 41. Bxe5 Rxc5 42. c3 Rxc3 0-1

[Event "Pion Frigant U1700"]
[Site "Contrecoeur CAN"]
[Date "2023.10.06"]
[Round "1.31"]
[White "Hebert, Pierre"]
[Black "Chen, Chen"]
[Result "0-1"]
[WhiteElo "1399"]
[BlackElo "1544"]
[PlyCount "82"]
[EventDate "2023.10.06"]
[EventType "swiss"]
[EventRounds "5"]
[EventCountry "CAN"]

1. c4 f5 2. Nc3 Nf6 3. Nf3 d6 4. d4 g6 5. Bg5 Bg7 6. e3 O-O 7. Bd3 Qe8 8. Bxf6
exf6 9. Nd5 Qf7 10. Qb3 c6 11. Nc3 Re8 12. O-O-O Nd7 13. h4 h5 14. Ne2 a5 15.
c5 Qxb3 16. axb3 dxc5 17. Bc4+ Kh7 18. Nf4 Re7 19. Be6 cxd4 20. Nxd4 Nc5 21.
Bxc8 Rxc8 22. Rd2 Bh6 23. Kc2 Ne4 24. Re2 Bxf4 25. exf4 Rd7 26. Nf3 Rcd8 27.
Ra1 b6 28. Ra4 Rd3 29. Raxe4 fxe4 30. Nd2 f5 31. Nc4 Rb8 32. Ne5 Rd6 33. f3 Rd4
34. Kb1 exf3 35. Nxf3 Rxf4 36. Re7+ Kg8 37. Ng5 Rxh4 38. Re6 Kg7 39. Rxc6 Rg4
40. Rc7+ Kf6 41. Nh7+ Ke5 0-1

[Event "Pion Frigant U1700"]
[Site "Contrecoeur CAN"]
[Date "2023.10.06"]
[Round "1.32"]
[White "Banger, Sartag"]
[Black "Laperle, Benjamin"]
[Result "1-0"]
[WhiteElo "1542"]
[BlackElo "1392"]
[PlyCount "77"]
[EventDate "2023.10.06"]
[EventType "swiss"]
[EventRounds "5"]
[EventCountry "CAN"]

1. e4 c5 2. Nf3 Nc6 3. d4 cxd4 4. Nxd4 g6 5. c4 Bg7 6. Be3 Nf6 7. Nc3 Ng4 8.
Qxg4 Nxd4 9. Qd1 Ne6 10. Be2 d6 11. O-O O-O 12. Qd2 b6 13. Bg4 Nc5 14. Bxc8
Rxc8 15. f3 Ne6 16. b3 b5 17. Nxb5 Bxa1 18. Rxa1 a6 19. Nc3 Qd7 20. Nd5 Qb7 21.
f4 Rfe8 22. f5 Nc7 23. fxg6 hxg6 24. Bd4 Nxd5 25. exd5 Kh7 26. Qf4 f6 27. Be3
g5 28. Qf5+ Kg7 29. Rf1 Rh8 30. Bxg5 Qa7+ 31. Kh1 Rcf8 32. Rf3 Qd4 33. Be3 Qd1+
34. Bg1 Rxh2+ 35. Kxh2 Rh8+ 36. Rh3 Rxh3+ 37. Qxh3 Qe2 38. a4 Qd1 39. Be3 1-0

[Event "Pion Frigant U1700"]
[Site "Contrecoeur CAN"]
[Date "2023.10.06"]
[Round "1.33"]
[White "Lamontagne, Damien"]
[Black "Hu, Richard"]
[Result "1/2-1/2"]
[WhiteElo "1362"]
[BlackElo "1531"]
[PlyCount "70"]
[EventDate "2023.10.06"]
[EventType "swiss"]
[EventRounds "5"]
[EventCountry "CAN"]

1. e4 c5 2. Nf3 d6 3. d4 cxd4 4. Nxd4 Nf6 5. Nc3 g6 6. Be3 Bg7 7. f3 Nc6 8. Qd2
Bd7 9. g4 h5 10. g5 Nh7 11. h4 Ne5 12. Be2 O-O 13. Rf1 Bh3 14. Rf2 Qc8 15. Nd5
Qd8 16. f4 Ng4 17. Bxg4 Bxg4 18. f5 e6 19. f6 exd5 20. fxg7 Kxg7 21. exd5 Re8
22. Ne2 Qe7 23. Bd4+ Kg8 24. Kf1 Bh3+ 25. Kg1 Qe4 26. Nf4 Bg4 27. Qd3 b6 28.
Qxe4 Rxe4 29. Bc3 Rae8 30. Raf1 Bf5 31. Kg2 Nf8 32. Nxh5 Rg4+ 33. Kh3 Re3+ 34.
Rf3 Rxf3+ 35. Rxf3 Rf4+ 1/2-1/2

[Event "Pion Frigant U1700"]
[Site "Contrecoeur CAN"]
[Date "2023.10.06"]
[Round "1.34"]
[White "Morais, Antoine"]
[Black "Sun, Jonathan"]
[Result "1/2-1/2"]
[WhiteElo "1531"]
[BlackElo "1358"]
[PlyCount "139"]
[EventDate "2023.10.06"]
[EventType "swiss"]
[EventRounds "5"]
[EventCountry "CAN"]

1. e4 d6 2. d4 Nf6 3. Nc3 g6 4. Be3 c6 5. Qd2 b5 6. O-O-O b4 7. Nb1 Nxe4 8.
Qxb4 a5 9. Qe1 Be6 10. c4 Bg7 11. f3 Nf6 12. Nc3 Na6 13. g4 Qc7 14. h4 h5 15.
g5 Nd7 16. Nh3 Nb6 17. c5 Nd5 18. cxd6 Qxd6 19. Ne4 Qc7 20. Bxa6 Rxa6 21. Nc5
Ra8 22. Nxe6 fxe6 23. Bf2 e5 24. Bg3 Nf4 25. Nxf4 exf4 26. Bf2 Qb7 27. Qe4 O-O
28. Qxg6 c5 29. Qe6+ Kh8 30. Qb3 Rab8 31. Qxb7 Rxb7 32. Rd2 Rfb8 33. Rh2 c4 34.
Rc2 Kh7 35. Bg1 Rb4 36. Rhd2 a4 37. Rc3 Kg6 38. Rdc2 Rc8 39. a3 Rb3 40. Kb1 Kf5
41. Rxb3 axb3 42. Rc1 e5 43. dxe5 Bxe5 44. Bf2 Rd8 45. Be1 Rd3 46. a4 Re3 47.
a5 Re2 48. Bc3 Bxc3 49. Rxc3 Re5 50. a6 Ra5 51. Rxc4 Rxa6 52. Rc5+ Ke6 53. Rb5
Rd6 54. Rxb3 Ke5 55. Kc2 Rd5 56. Rc3 Ra5 57. Rc8 Ra1 58. Re8+ Kf5 59. Rf8+ Ke5
60. g6 Rg1 61. Rg8 Rg3 62. g7 Kf6 63. b4 Rxf3 64. b5 Rf2+ 65. Kc3 Rf1 66. b6
Rb1 67. Kd3 Rxb6 68. Rh8 Kxg7 69. Rxh5 Re6 70. Rf5 1/2-1/2

[Event "Pion Frigant U1700"]
[Site "Contrecoeur CAN"]
[Date "2023.10.06"]
[Round "1.35"]
[White "Laporte, Michel"]
[Black "Renaud, Max-Etienne"]
[Result "1-0"]
[WhiteElo "1517"]
[BlackElo "1347"]
[PlyCount "64"]
[EventDate "2023.10.06"]
[EventType "swiss"]
[EventRounds "5"]
[EventCountry "CAN"]

1. d4 Nf6 2. Bf4 d5 3. e3 Bf5 4. Nf3 e6 5. Nbd2 Bd6 6. Ne5 Bxe5 7. dxe5 Nfd7 8.
h4 a6 9. g4 Be4 10. f3 Bxf3 11. Nxf3 Nc6 12. c3 Qe7 13. a4 O-O-O 14. Bd3 f6 15.
Nd4 Ncxe5 16. Bxe5 fxe5 17. Nc6 Qc5 18. Nxd8 Rxd8 19. Qe2 e4 20. Bxa6 bxa6 21.
Qxa6+ Kb8 22. Qb5+ Qxb5 23. axb5 Ne5 24. b3 Nxg4 25. Ke2 Kb7 26. h5 Nf6 27. Ra6
Rd6 28. Rxd6 cxd6 29. h6 g6 30. Rf1 Ng4 31. Rf7+ Kb6 32. Rxh7 e5 1-0

[Event "Pion Frigant U1700"]
[Site "Contrecoeur CAN"]
[Date "2023.10.06"]
[Round "1.36"]
[White "St-Laurent, Luc"]
[Black "Gagnon, Derek"]
[Result "0-1"]
[WhiteElo "1315"]
[BlackElo "1506"]
[PlyCount "62"]
[EventDate "2023.10.06"]
[EventType "swiss"]
[EventRounds "5"]
[EventCountry "CAN"]

1. d4 d5 2. Nf3 Nf6 3. g3 Bf5 4. Bg2 c6 5. c4 e6 6. Nc3 Nbd7 7. Qb3 Qb6 8. c5
Qxb3 9. axb3 Be7 10. O-O h6 11. e4 Nxe4 12. Nxe4 Bxe4 13. Re1 Bf6 14. Be3 O-O
15. Nd2 Bd3 16. Bh3 b6 17. b4 bxc5 18. bxc5 Rfb8 19. Ra3 Bg6 20. b3 Rb4 21. Nf3
Bc2 22. Ra6 Nb8 23. Ra2 Bxb3 24. Rb2 Rb5 25. Bf1 Bc4 26. Rxb5 cxb5 27. Bd2 Nc6
28. Bc3 b4 29. Bb2 a5 30. Rc1 Bxf1 31. Kxf1 a4 0-1

[Event "Pion Frigant U1700"]
[Site "Contrecoeur CAN"]
[Date "2023.10.06"]
[Round "1.37"]
[White "Zlotnikov, Jonathan"]
[Black "Tang-Han, Sean"]
[Result "0-1"]
[WhiteElo "1466"]
[BlackElo "1280"]
[PlyCount "74"]
[EventDate "2023.10.06"]
[EventType "swiss"]
[EventRounds "5"]
[EventCountry "CAN"]

1. e4 e5 2. Nc3 Nc6 3. Bc4 Nf6 4. d3 h6 5. f4 exf4 6. Bxf4 d6 7. h3 Be7 8. Nf3
Be6 9. Nd5 Na5 10. Nxe7 Qxe7 11. Bxe6 fxe6 12. Qd2 Nc6 13. O-O-O O-O-O 14. g4
e5 15. Be3 Qf7 16. Kb1 Nxe4 17. dxe4 Qxf3 18. Qd3 Qf7 19. Rhf1 Qe6 20. Qa3 a6
21. Rd2 Rhf8 22. Rdf2 Rxf2 23. Rxf2 Qc4 24. Qd3 Qe6 25. Qd5 Nd4 26. Qa5 Qe7 27.
c3 Nc6 28. Qd5 Rf8 29. Rxf8+ Qxf8 30. Qe6+ Kb8 31. Qf5 Qxf5 32. exf5 Ne7 33.
Bxh6 gxh6 34. f6 Ng6 35. f7 Kc8 36. h4 Kd7 37. h5 Nf8 0-1

[Event "Pion Frigant U1700"]
[Site "Contrecoeur CAN"]
[Date "2023.10.06"]
[Round "1.39"]
[White "Masse, Etienne"]
[Black "Perron, Bernard"]
[Result "1-0"]
[WhiteElo "1446"]
[BlackElo "1075"]
[PlyCount "53"]
[EventDate "2023.10.06"]
[EventType "swiss"]
[EventRounds "5"]
[EventCountry "CAN"]

1. e4 e6 2. d4 d5 3. Nd2 Nc6 4. Ngf3 Be7 5. c3 f6 6. Bd3 e5 7. O-O Be6 8. Re1
Qd7 9. dxe5 Nxe5 10. Nxe5 fxe5 11. Qh5+ g6 12. Qxe5 Bf6 13. Qf4 g5 14. Qg3 h5
15. exd5 Qxd5 16. Bc4 h4 17. Qxc7 Bd8 18. Qg7 Bf6 19. Qxh8 Bxh8 20. Bxd5 O-O-O
21. Bxe6+ Kb8 22. Bxg8 Rxg8 23. Nf3 g4 24. Bf4+ Kc8 25. Nxh4 Bf6 26. Nf5 Rd8
27. Nd6+ 1-0

[Event "Pion Frigant U1700"]
[Site "Contrecoeur CAN"]
[Date "2023.10.07"]
[Round "2.25"]
[White "Remy-Chynchuck, Lindel"]
[Black "Dufresne, Maxime"]
[Result "1-0"]
[WhiteElo "1679"]
[BlackElo "1458"]
[PlyCount "65"]
[EventDate "2023.10.06"]
[EventType "swiss"]
[EventRounds "5"]
[EventCountry "CAN"]

1. d3 c5 2. Nf3 Nf6 3. Nbd2 Nc6 4. g3 g6 5. Bg2 Bg7 6. O-O O-O 7. e4 d6 8. Re1
e5 9. Nf1 b5 10. a4 b4 11. Bg5 h6 12. Bd2 a5 13. Qc1 Kh7 14. Ne3 Be6 15. c4 Bg4
16. Nxg4 Nxg4 17. h3 Nf6 18. Be3 Ne8 19. Nh2 Nc7 20. Ng4 h5 21. Nh2 Ne6 22. Qd1
Ncd4 23. b3 Ra7 24. Rb1 Rh8 25. f4 f5 26. Nf3 Kg8 27. Bxd4 cxd4 28. exf5 gxf5
29. fxe5 f4 30. exd6 Qxd6 31. Qe2 Nc5 32. Ng5 Kf8 33. Qe8# 1-0

[Event "Pion Frigant U1700"]
[Site "Contrecoeur CAN"]
[Date "2023.10.07"]
[Round "2.26"]
[White "Gagnon, Derek"]
[Black "Mai, Tue-Chan"]
[Result "0-1"]
[WhiteElo "1506"]
[BlackElo "1616"]
[PlyCount "74"]
[EventDate "2023.10.06"]
[EventType "swiss"]
[EventRounds "5"]
[EventCountry "CAN"]

1. d4 e6 2. c4 f5 3. Nf3 Nf6 4. Nc3 Be7 5. g3 O-O 6. Bg2 a5 7. Ne5 d6 8. Nd3
Qe8 9. Qb3 a4 10. Qc2 Bd8 11. O-O e5 12. dxe5 dxe5 13. e4 Nc6 14. Be3 Qh5 15.
Bc5 Re8 16. f4 Nd4 17. Bxd4 exd4 18. Bf3 Ng4 19. Bxg4 Qxg4 20. Nf2 Qh5 21. Ne2
fxe4 22. Nxd4 e3 23. Nd3 c6 24. f5 Bf6 25. Nf4 Qg5 26. Nde6 Bxe6 27. Nxe6 Qg4
28. Rf4 Qh5 29. Nc7 a3 30. Nxe8 Qxe8 31. Re4 Qf8 32. c5 axb2 33. Qc4+ Qf7 34.
Qxf7+ Kxf7 35. Rb1 Rxa2 36. Rf4 e2 37. Kf2 Ra1 0-1

[Event "Pion Frigant U1700"]
[Site "Contrecoeur CAN"]
[Date "2023.10.07"]
[Round "2.27"]
[White "Mourad, Michel"]
[Black "Masse, Etienne"]
[Result "0-1"]
[WhiteElo "1591"]
[BlackElo "1446"]
[PlyCount "161"]
[EventDate "2023.10.06"]
[EventType "swiss"]
[EventRounds "5"]
[EventCountry "CAN"]

1. d4 Nf6 2. c4 g6 3. Nc3 Bg7 4. e4 O-O 5. Nf3 d6 6. Bd3 e5 7. d5 a5 8. Bg5 h6
9. Be3 Ng4 10. Bd2 Na6 11. h3 Nf6 12. a3 Bd7 13. Be3 c6 14. Qd2 Kh7 15. g4 cxd5
16. exd5 e4 17. Nxe4 Nxe4 18. Bxe4 Re8 19. Qc2 b5 20. Rb1 Rc8 21. b3 Nc5 22.
Nd2 bxc4 23. Bxc5 Rxc5 24. O-O cxb3 25. Qxb3 Rc3 26. Qb6 Qh4 27. Bg2 Rxh3 28.
Bxh3 Qxh3 29. Rb3 Qxg4+ 30. Rg3 Qf4 31. Qxa5 Bd4 32. Kg2 Re2 33. Nf3 Bc5 34.
Qc3 h5 35. Ng5+ Kg8 36. Qf3 Qxf3+ 37. Kxf3 Ra2 38. Ne4 Rxa3+ 39. Kg2 Ra7 40.
Nxc5 dxc5 41. Rc1 Ra5 42. Rg5 Bf5 43. d6 Kf8 44. Rg3 Be6 45. Rd3 Ke8 46. Rb1
Ra7 47. Rc1 c4 48. Rd2 Kd7 49. Rb1 c3 50. Re2 Kxd6 51. Rc1 Ke7 52. Rxc3 Kf6 53.
Rf3+ Kg7 54. Rfe3 Ra4 55. f3 g5 56. Re4 Ra1 57. Re1 Ra6 58. Kf2 Kg6 59. Rg1 Kf5
60. Rh1 Bd5 61. Re7 Ra2+ 62. Re2 Rxe2+ 63. Kxe2 Kf4 64. Rh3 g4 65. fxg4 hxg4
66. Ra3 g3 67. Kf1 f5 68. Ra4+ Be4 69. Kg1 Ke5 70. Ra5+ Bd5 71. Kf1 f4 72. Ra7
f3 73. Ra5 Kd4 74. Ra4+ Bc4+ 75. Kg1 f2+ 76. Kg2 f1=Q+ 77. Kxg3 Qe1+ 78. Kg2
Qd2+ 79. Kh3 Qh6+ 80. Kg2 Qe6 81. Kg1 0-1

[Event "Pion Frigant U1700"]
[Site "Contrecoeur CAN"]
[Date "2023.10.07"]
[Round "2.28"]
[White "Chen, Chen"]
[Black "Poulin, Richard"]
[Result "1-0"]
[WhiteElo "1544"]
[BlackElo "1405"]
[PlyCount "87"]
[EventDate "2023.10.06"]
[EventType "swiss"]
[EventRounds "5"]
[EventCountry "CAN"]

1. e4 e5 2. Nf3 Nf6 3. Nc3 Nc6 4. d4 exd4 5. Nxd4 Bb4 6. Nxc6 bxc6 7. Bd2 O-O
8. Bd3 d5 9. O-O Re8 10. Nxd5 cxd5 11. Bxb4 dxe4 12. Bb5 Bd7 13. Bxd7 Nxd7 14.
Qe2 Qg5 15. Rad1 Nf6 16. c4 Re6 17. Bc3 Nh5 18. Bd2 Qg6 19. Be3 Rae8 20. Rd5 f5
21. Kh1 f4 22. Qxh5 Qxh5 23. Rxh5 fxe3 24. fxe3 Rd6 25. Rd5 Ree6 26. Rfd1 Kf7
27. Kg1 Ke7 28. Rxd6 Rxd6 29. Rxd6 Kxd6 30. b4 a6 31. Kf2 c5 32. a3 cxb4 33.
axb4 Ke6 34. g4 h6 35. Kg3 g5 36. Kf2 Kd6 37. Ke2 Kc6 38. Kd2 Kd6 39. Kc2 Ke6
40. Kb3 Kd6 41. Ka4 Kc6 42. Ka5 Kb7 43. c5 Ka7 44. c6 1-0

[Event "Pion Frigant U1700"]
[Site "Contrecoeur CAN"]
[Date "2023.10.07"]
[Round "2.29"]
[White "Breton, Jules"]
[Black "Wu, Ting En Ryan"]
[Result "0-1"]
[WhiteElo "1399"]
[BlackElo "1529"]
[PlyCount "123"]
[EventDate "2023.10.06"]
[EventType "swiss"]
[EventRounds "5"]
[EventCountry "CAN"]

1. d4 d5 2. c4 c6 3. e3 Nf6 4. Nc3 e6 5. a3 dxc4 6. Bxc4 b5 7. Be2 Bb7 8. Nf3
Be7 9. h3 O-O 10. O-O Nbd7 11. b4 Nb6 12. Qc2 a6 13. e4 h6 14. Be3 Qc7 15. Rfd1
Rfd8 16. e5 Nfd5 17. Ne4 Rac8 18. Nc5 Bxc5 19. dxc5 Nd7 20. Qb2 Nf8 21. Nh4 Qe7
22. Nf3 Ng6 23. Qb3 Rf8 24. Bd4 Rcd8 25. g3 Bc8 26. Nh2 f6 27. f4 fxe5 28. Bxe5
Nxe5 29. fxe5 Qg5 30. Nf1 Qxe5 31. Re1 Qd4+ 32. Kh1 Qe4+ 33. Kg1 Qf5 34. Bg4
Qf7 35. Ra2 h5 36. Bd1 e5 37. g4 Be6 38. Qg3 Nxb4 39. Rf2 Qxf2+ 40. Qxf2 Rxf2
41. Kxf2 Nd3+ 42. Ke2 hxg4 43. Bc2 Nxe1 44. Kxe1 gxh3 45. Nh2 g5 46. Be4 g4 47.
Kf2 Rd2+ 48. Kg3 Rxh2 49. Kxh2 Bd7 50. Kg3 Kg7 51. Bc2 Kf6 52. Be4 Kg5 53. Bc2
Bf5 54. Bd1 e4 55. a4 e3 56. axb5 axb5 57. Be2 b4 58. Bc4 e2 59. Bxe2 b3 60.
Bc4 b2 61. Ba2 b1=Q 62. Bxb1 0-1

[Event "Pion Frigant U1700"]
[Site "Contrecoeur CAN"]
[Date "2023.10.07"]
[Round "2.30"]
[White "Roy, Nicholas"]
[Black "Laporte, Michel"]
[Result "0-1"]
[WhiteElo "997"]
[BlackElo "1517"]
[PlyCount "64"]
[EventDate "2023.10.06"]
[EventType "swiss"]
[EventRounds "5"]
[EventCountry "CAN"]

1. d4 d6 2. Nf3 g6 3. g3 Bg7 4. Bg2 e6 5. O-O Ne7 6. b3 O-O 7. Bb2 Nd7 8. Nbd2
b6 9. Qc1 Bb7 10. e4 c5 11. Re1 cxd4 12. Nxd4 Rc8 13. N4f3 Qc7 14. Bxg7 Kxg7
15. e5 dxe5 16. Nxe5 Nxe5 17. Bxb7 Qxb7 18. Rxe5 Qc7 19. Nc4 Nc6 20. Re3 Rfd8
21. Qb2+ Kg8 22. Rd3 Rxd3 23. cxd3 Rd8 24. Rd1 Nd4 25. Rc1 Nf3+ 26. Kg2 Qb7 27.
h4 Ne1+ 28. Kh3 Qg2+ 29. Kg4 Nxd3 30. Qd2 Nxf2+ 31. Kf4 Qe4+ 32. Kg5 Qf5+ 0-1

[Event "Pion Frigant U1700"]
[Site "Contrecoeur CAN"]
[Date "2023.10.07"]
[Round "2.31"]
[White "Tang-Han, Sean"]
[Black "Beland, Stephane"]
[Result "1/2-1/2"]
[WhiteElo "1280"]
[BlackElo "1585"]
[PlyCount "99"]
[EventDate "2023.10.06"]
[EventType "swiss"]
[EventRounds "5"]
[EventCountry "CAN"]

1. e4 c6 2. Nc3 d5 3. Nf3 dxe4 4. Nxe4 Bf5 5. Ng3 Bg6 6. h4 h6 7. Ne5 Bh7 8.
Qh5 g6 9. Bc4 e6 10. Qe2 Qe7 11. d4 Nd7 12. Bf4 Ngf6 13. O-O-O Nd5 14. Bxd5
cxd5 15. Qb5 Rc8 16. Qxb7 Nb6 17. Qxe7+ Bxe7 18. Bxh6 g5 19. c3 gxh4 20. Nh5
Bg6 21. Ng7+ Kd8 22. Nxg6 Rxh6 23. Nxe7 Kxe7 24. Rde1 Kf6 25. Nxe6 fxe6 26. Rh3
Rch8 27. Rhe3 Kf7 28. f4 Nc4 29. R3e2 Nd6 30. Rc2 Rf6 31. Rf1 Nb5 32. Kd2 h3
33. gxh3 Rxh3 34. Re1 Rh2+ 35. Kd1 Rxc2 36. Kxc2 Nd6 37. Rh1 Kg6 38. Rg1+ Kf5
39. Rg7 Rf7 40. Rxf7+ Nxf7 41. Kd3 Kxf4 42. c4 dxc4+ 43. Kxc4 Ke4 44. Kc5 Nh6
45. Kd6 Nf5+ 46. Kxe6 Nxd4+ 47. Kd6 a5 48. Kc5 Ke5 49. b4 axb4 50. Kxb4 1/2-1/2

[Event "Pion Frigant U1700"]
[Site "Contrecoeur CAN"]
[Date "2023.10.07"]
[Round "2.32"]
[White "Hu, Richard"]
[Black "Fallet, Maurice"]
[Result "1-0"]
[WhiteElo "1531"]
[BlackElo "1348"]
[PlyCount "77"]
[EventDate "2023.10.06"]
[EventType "swiss"]
[EventRounds "5"]
[EventCountry "CAN"]

1. e4 c6 2. d4 d5 3. exd5 cxd5 4. Nf3 Nf6 5. Nc3 e6 6. Bg5 Be7 7. Bd3 Nc6 8.
O-O O-O 9. h3 Bd7 10. a3 Rc8 11. Bf4 Re8 12. Nb5 Qb6 13. Rb1 a6 14. Nc3 Na5 15.
Ne5 Nc4 16. Bxc4 dxc4 17. Be3 Qc7 18. Bf4 Bd6 19. Nxd7 Qxd7 20. Be5 Be7 21. Qf3
Qc6 22. Qg3 Kh8 23. f4 Rg8 24. Qe3 Nd7 25. f5 Nxe5 26. fxe6 Qxe6 27. Qxe5 Qxe5
28. dxe5 Bc5+ 29. Kh1 Rgf8 30. Rbd1 Rcd8 31. Rxd8 Rxd8 32. Rxf7 Re8 33. Rxb7
Kg8 34. Rc7 Rxe5 35. Rc6 Re1+ 36. Kh2 Bg1+ 37. Kg3 Re3+ 38. Kf4 Re8 39. Rxc4
1-0

[Event "Pion Frigant U1700"]
[Site "Contrecoeur CAN"]
[Date "2023.10.07"]
[Round "2.33"]
[White "Hake, Dylan"]
[Black "Morais, Antoine"]
[Result "1/2-1/2"]
[WhiteElo "1289"]
[BlackElo "1531"]
[PlyCount "59"]
[EventDate "2023.10.06"]
[EventType "swiss"]
[EventRounds "5"]
[EventCountry "CAN"]

1. e4 e5 2. Nf3 Nc6 3. Bc4 Nf6 4. d3 h6 5. Be3 d6 6. h3 Na5 7. Bb3 g5 8. g4 Bg7
9. Nc3 Nxb3 10. axb3 b6 11. Nd2 d5 12. exd5 Nxd5 13. Nde4 Nf4 14. Qf3 Be6 15.
Bxf4 exf4 16. O-O-O O-O 17. h4 f5 18. gxf5 Bxf5 19. hxg5 hxg5 20. Qh5 g4 21.
Rdg1 Qd4 22. Ng5 Rae8 23. Rxg4 Qxf2 24. Rgg1 Qd4 25. Nf3 Qf6 26. Rg5 Re7 27.
Qh8+ Kf7 28. Qh5+ Kg8 29. Qh8+ Kf7 30. Qh5+ 1/2-1/2

[Event "Pion Frigant U1700"]
[Site "Contrecoeur CAN"]
[Date "2023.10.07"]
[Round "2.34"]
[White "Nguyen, Danny"]
[Black "Lamontagne, Damien"]
[Result "1/2-1/2"]
[WhiteElo "1426"]
[BlackElo "1362"]
[PlyCount "136"]
[EventDate "2023.10.06"]
[EventType "swiss"]
[EventRounds "5"]
[EventCountry "CAN"]

1. e4 c5 2. c3 d5 3. exd5 Qxd5 4. d4 cxd4 5. cxd4 Nc6 6. Nf3 Bg4 7. Nc3 Qa5 8.
Be3 Rd8 9. Bc4 Nf6 10. Qb3 Qh5 11. Ne5 Nxe5 12. dxe5 Nd7 13. e6 Bxe6 14. Bxe6
fxe6 15. Qxe6 Qe5 16. Qxe5 Nxe5 17. Bxa7 g6 18. Bb6 Rd3 19. Rd1 Bg7 20. O-O Rf8
21. Bd4 Rxd4 22. Rxd4 Nf3+ 23. gxf3 Bxd4 24. Kg2 e5 25. Ne4 Ke7 26. Rc1 Kd7 27.
Nc5+ Bxc5 28. Rxc5 Re8 29. Kg3 h6 30. Kg4 Kd6 31. Rc3 Rf8 32. Rc4 b5 33. Rb4
Kc5 34. Re4 Kd5 35. Rb4 Kc5 36. Re4 Kd5 37. h4 h5+ 38. Kg3 Rf7 39. Rb4 Kc5 40.
Re4 Kd5 41. b3 Ra7 42. a4 bxa4 43. bxa4 Rg7 44. a5 Ra7 45. Ra4 Ra6 46. Kg2 Kc5
47. Kf1 Kb5 48. Re4 Kxa5 49. Rxe5+ Kb4 50. Ke2 Kc4 51. Ke3 Ra3+ 52. Kf4 Ra6 53.
Kg5 Kd4 54. Re8 Kd3 55. Rg8 Ke2 56. Rxg6 Ra5+ 57. Kh6 Kxf3 58. Rg5 Ra8 59. Rxh5
Kf4 60. Kg6 Ra6+ 61. Kf7 Ra7+ 62. Ke6 Ra6+ 63. Kd7 Ra7+ 64. Kc6 Ra6+ 65. Kb7
Rg6 66. Rc5 Rh6 67. h5 Kg4 68. Rc3 Rxh5 1/2-1/2

[Event "Pion Frigant U1700"]
[Site "Contrecoeur CAN"]
[Date "2023.10.07"]
[Round "2.35"]
[White "Matte, Jean-Michel"]
[Black "Zhao, Alex"]
[Result "1-0"]
[WhiteElo "1410"]
[BlackElo "1197"]
[PlyCount "141"]
[EventDate "2023.10.06"]
[EventType "swiss"]
[EventRounds "5"]
[EventCountry "CAN"]

1. d4 d5 2. c4 e6 3. Nc3 Nf6 4. cxd5 exd5 5. Bg5 c6 6. e3 Be7 7. Bd3 h6 8. Bh4
O-O 9. Nf3 Nbd7 10. O-O Re8 11. Rb1 a5 12. a3 Ne4 13. Bxe7 Rxe7 14. Qc2 Ndf6
15. b4 Bf5 16. b5 Qc7 17. Rfc1 Nxc3 18. Qxc3 Bxd3 19. Qxd3 Nd7 20. bxc6 bxc6
21. Rb3 Ree8 22. Rbc3 Re6 23. Nd2 Rb8 24. Qc2 Rb6 25. Qa4 Ra6 26. Nb3 Rd6 27.
Nc5 Nxc5 28. Rxc5 Kf8 29. Qc2 Qd7 30. Qd3 Qa7 31. Qf5 Qb7 32. f3 Rf6 33. Qd3 a4
34. Rb1 Rb6 35. Rxb6 Qxb6 36. Qc2 Qa6 37. Kf2 Ke7 38. Qc3 Rd6 39. Ra5 Qb6 40.
Rxa4 Rd7 41. Qb4+ Qxb4 42. Rxb4 Ra7 43. Rb3 Kd6 44. Ke2 f5 45. g3 g5 46. h3 Ra6
47. Kd3 c5 48. dxc5+ Kxc5 49. Rc3+ Kd6 50. Kc2 Rb6 51. a4 Rb4 52. Ra3 Kc5 53.
a5 Rb7 54. a6 Ra7 55. Kc3 f4 56. exf4 d4+ 57. Kd3 Re7 58. Ra5+ Kb6 59. a7 Rxa7
60. Rxa7 Kxa7 61. f5 h5 62. f6 g4 63. fxg4 hxg4 64. hxg4 Ka8 65. f7 Kb8 66.
f8=Q+ Ka7 67. Qb4 Ka8 68. Kxd4 Ka7 69. Kc5 Ka8 70. Kc6 Ka7 71. Qb7# 1-0

[Event "Pion Frigant U1700"]
[Site "Contrecoeur CAN"]
[Date "2023.10.07"]
[Round "2.36"]
[White "Sun, Jonathan"]
[Black "Touzani, Romayssae"]
[Result "1-0"]
[WhiteElo "1358"]
[BlackElo "1563"]
[PlyCount "55"]
[EventDate "2023.10.06"]
[EventType "swiss"]
[EventRounds "5"]
[EventCountry "CAN"]

1. e4 c5 2. Nf3 d6 3. Bb5+ Bd7 4. Bxd7+ Nxd7 5. d4 cxd4 6. Nxd4 Ngf6 7. Nc3 g6
8. O-O Bg7 9. f4 O-O 10. Be3 a6 11. a4 Rc8 12. f5 Qb6 13. Rb1 Nc5 14. Qf3 Nfd7
15. Nd5 Qd8 16. g4 Nxa4 17. g5 Ne5 18. Qh3 Nd7 19. Rf2 Ndc5 20. Qh4 e6 21. f6
exd5 22. fxg7 Kxg7 23. Qh6+ Kg8 24. Nf5 gxf5 25. exf5 f6 26. Rg2 Kh8 27. g6 Qe7
28. g7+ 1-0